00290nam a2200109 4500082001200000100002300012245005400035260004300089300001000132650002400142650001400166 a661 MAN aManual of chemical aManual of chemical industries in Sri Lanka part i aColombobInstitute of Chemistry Ceylon a266 p achemical industries aSri Lanka